000 00705nam a2200289Ia 4500
005 20260324125624.0
008 008 260324s9999 xx 000 0 eng d
020 _a9781315604084
037 _aEBOOK
040 _aCRL
040 _beng
040 _cCRL
041 _2eng
041 _aeng
084 _qCRL
100 _aJutta Gutberlet
_91178672
245 0 _aRecovering Resources - Recycling Citizenship
245 0 _bUrban Poverty Reduction in Latin America
260 _bTaylor and Francis
260 _c2008
365 _a
365 _b240
856 _uhttp://www.taylorfrancis.com/books/9781315604084
942 _cEBOOK
999 _c1774118
_d1774118